00272nam a22000977a 4500020001500000082001800015245008500033260003700118300001100155563000800166 a8187162066 a346.0488bSHA aShavaksha The Trade and Merchandise Marks Act 1958 /cEdited by R K Abichandani  aNew Delhi:bButterworths,c1999. a556 p. aPB.